Match the Celeb to the Team They Support - Statistics

General Stats
  • This quiz has been taken 11 times
  • The average score is 121 of 144
Answer Stats
Question Tile Select % Correct
Rihanna Chicago Cubs No
100%
Rihanna Golden State Warriors No
100%
Rihanna Los Angeles Dodgers No
100%
Rihanna Memphis Grizzlies No
100%
Rihanna Philadelphia 76ers No
100%
Rihanna Toronto Raptors No
100%
Rihanna Boston Celtics No
91%
Will Smith Boston Celtics No
91%
Justin Timberlake Boston Celtics No
91%
Jessica Alba Boston Celtics No
91%
Drake Boston Celtics No
91%
Jerry Seinfeld Boston Celtics No
91%
Carrie Underwood Boston Celtics No
91%
Lil Wayne Boston Celtics No
91%
Will Smith Chicago Cubs No
91%
Justin Timberlake Chicago Cubs No
91%
Drake Chicago Cubs No
91%
Alyssa Milano Chicago Cubs No
91%
Macklemore Chicago Cubs No
91%
Carrie Underwood Chicago Cubs No
91%
Will Smith Golden State Warriors No
91%
Drake Golden State Warriors No
91%
Jerry Seinfeld Golden State Warriors No
91%
Macklemore Golden State Warriors No
91%
Carrie Underwood Golden State Warriors No
91%
Bill Murray Golden State Warriors No
91%
Lil Wayne Golden State Warriors No
91%
Will Smith Los Angeles Dodgers No
91%
Justin Timberlake Los Angeles Dodgers No
91%
Drake Los Angeles Dodgers No
91%
Carrie Underwood Los Angeles Dodgers No
91%
Bill Murray Los Angeles Dodgers No
91%
Will Smith Los Angeles Lakers No
91%
Drake Los Angeles Lakers No
91%
Jerry Seinfeld Los Angeles Lakers No
91%
Alyssa Milano Los Angeles Lakers No
91%
Macklemore Los Angeles Lakers No
91%
Maria Menounos Los Angeles Lakers No
91%
Carrie Underwood Los Angeles Lakers No
91%
Bill Murray Los Angeles Lakers No
91%
Will Smith Memphis Grizzlies No
91%
Jessica Alba Memphis Grizzlies No
91%
Drake Memphis Grizzlies No
91%
Maria Menounos Memphis Grizzlies No
91%
Carrie Underwood Memphis Grizzlies No
91%
Lil Wayne Memphis Grizzlies No
91%
Will Smith Miami Heat No
91%
Justin Timberlake Miami Heat No
91%
Jessica Alba Miami Heat No
91%
Jerry Seinfeld Miami Heat No
91%
Alyssa Milano Miami Heat No
91%
Maria Menounos Miami Heat No
91%
Carrie Underwood Miami Heat No
91%
Bill Murray Miami Heat No
91%
Rihanna Nashville Predators No
91%
Will Smith Nashville Predators No
91%
Jessica Alba Nashville Predators No
91%
Drake Nashville Predators No
91%
Jerry Seinfeld Nashville Predators No
91%
Macklemore Nashville Predators No
91%
Bill Murray Nashville Predators No
91%
Rihanna New York Mets No
91%
Jessica Alba New York Mets No
91%
Drake New York Mets No
91%
Alyssa Milano New York Mets No
91%
Macklemore New York Mets No
91%
Carrie Underwood New York Mets No
91%
Lil Wayne New York Mets No
91%
Justin Timberlake Philadelphia 76ers No
91%
Jessica Alba Philadelphia 76ers No
91%
Drake Philadelphia 76ers No
91%
Jerry Seinfeld Philadelphia 76ers No
91%
Alyssa Milano Philadelphia 76ers No
91%
Macklemore Philadelphia 76ers No
91%
Maria Menounos Philadelphia 76ers No
91%
Bill Murray Philadelphia 76ers No
91%
Lil Wayne Philadelphia 76ers No
91%
Rihanna Seattle Seahawks No
91%
Will Smith Seattle Seahawks No
91%
Justin Timberlake Seattle Seahawks No
91%
Drake Seattle Seahawks No
91%
Jerry Seinfeld Seattle Seahawks No
91%
Alyssa Milano Seattle Seahawks No
91%
Carrie Underwood Seattle Seahawks No
91%
Lil Wayne Seattle Seahawks No
91%
Will Smith Toronto Raptors No
91%
Jessica Alba Toronto Raptors No
91%
Jerry Seinfeld Toronto Raptors No
91%
Alyssa Milano Toronto Raptors No
91%
Macklemore Toronto Raptors No
91%
Maria Menounos Toronto Raptors No
91%
Bill Murray Toronto Raptors No
91%
Lil Wayne Toronto Raptors No
91%
Macklemore Boston Celtics No
82%
Bill Murray Boston Celtics No
82%
Jessica Alba Chicago Cubs No
82%
Jerry Seinfeld Chicago Cubs No
82%
Lil Wayne Chicago Cubs No
82%
Justin Timberlake Golden State Warriors No
82%
Alyssa Milano Golden State Warriors No
82%
Maria Menounos Golden State Warriors No
82%
Jerry Seinfeld Los Angeles Dodgers No
82%
Macklemore Los Angeles Dodgers No
82%
Maria Menounos Los Angeles Dodgers No
82%
Lil Wayne Los Angeles Dodgers No
82%
Justin Timberlake Los Angeles Lakers No
82%
Jessica Alba Los Angeles Lakers No
82%
Jerry Seinfeld Memphis Grizzlies No
82%
Alyssa Milano Memphis Grizzlies No
82%
Macklemore Memphis Grizzlies No
82%
Bill Murray Memphis Grizzlies No
82%
Drake Miami Heat No
82%
Macklemore Miami Heat No
82%
Lil Wayne Miami Heat No
82%
Justin Timberlake Nashville Predators No
82%
Maria Menounos Nashville Predators No
82%
Lil Wayne Nashville Predators No
82%
Will Smith New York Mets No
82%
Justin Timberlake New York Mets No
82%
Maria Menounos New York Mets No
82%
Bill Murray New York Mets No
82%
Carrie Underwood Philadelphia 76ers No
82%
Jessica Alba Seattle Seahawks No
82%
Maria Menounos Seattle Seahawks No
82%
Bill Murray Seattle Seahawks No
82%
Justin Timberlake Toronto Raptors No
82%
Drake Toronto Raptors Yes
82%
Carrie Underwood Toronto Raptors No
82%
Maria Menounos Chicago Cubs No
73%
Alyssa Milano Nashville Predators No
73%
Will Smith Philadelphia 76ers Yes
73%
Alyssa Milano Boston Celtics No
64%
Rihanna Los Angeles Lakers No
64%
Carrie Underwood Nashville Predators Yes
64%
Jessica Alba Los Angeles Dodgers No
55%
Jerry Seinfeld New York Mets Yes
55%
Macklemore Seattle Seahawks Yes
45%
Bill Murray Chicago Cubs Yes
36%
Lil Wayne Los Angeles Lakers Yes
36%
Justin Timberlake Memphis Grizzlies Yes
27%
Rihanna Miami Heat Yes
27%
Jessica Alba Golden State Warriors Yes
9%
Maria Menounos Boston Celtics Yes
0%
Alyssa Milano Los Angeles Dodgers Yes
0%
No matching quizzes found
Score Distribution
Percent of People with Each Score
Percentile by Number Answered
Your Score History
You have not taken this quiz